| 000 | 01781cam a2200421 a 4500 | ||
|---|---|---|---|
| 001 | 6575 | ||
| 003 | BD-RjUL | ||
| 005 | 20211208234254.0 | ||
| 008 | 140111s1973 nyua b 001 0 eng d | ||
| 020 | _a0471630594 | ||
| 035 |
_a(BD-RjUL)6616 _a(OCoLC)415430 |
||
| 035 | _a1953609 | ||
| 040 |
_aLC _beng _cLC _dNUN _dANL _dBD-RjUL |
||
| 041 | _aeng | ||
| 082 | 0 | 4 |
_a629.101515 _bNAP 1973 |
| 100 | 1 |
_aNayfeh, Ali Hasan, _d1933- _920696 |
|
| 245 | 1 | 0 |
_aPerturbation methods. / _cby Ali Hasan Nayfeh |
| 260 |
_aNew York : _bJohn Wiley, _c1973. |
||
| 300 |
_axii, 425 p. : _billus. ; _c23 cm. |
||
| 490 | 1 | _aPure and applied mathematics | |
| 490 | 1 | _aSeries in pure and applied mathematics. | |
| 500 | _a"A Wiley-Interscience publication." | ||
| 504 | _aIncludes index. | ||
| 504 | _aBibliography: p. 387-415. | ||
| 505 | 0 | 0 | _aMachine derived contents note: Straightforward Expansions and Sources of Nonuniformity.The Method of Strained Coordinates.The Methods of Matched and Composite Asymptotic Expansions.Variation of Parameters and Methods of Averaging.The Method of Multiple Scales.Asymptotic Solutions of Linear Equations.References and Author Index.Subject Index. |
| 650 | 0 |
_aPerturbation (Mathematics) _920697 |
|
| 650 | 0 |
_aAsymptotic expansions. _920698 |
|
| 650 | 0 |
_aDifferential equations _xNumerical solutions. _920699 |
|
| 653 | _aPerturbation methods | ||
| 830 | 0 |
_aPure and applied mathematics (Wiley) _920700 |
|
| 830 | 0 |
_aSeries in pure and applied mathematics. _920703 |
|
| 856 | 4 |
_3Table of Contents _uhttp://www.loc.gov/catdir/toc/onix02/72008068.html |
|
| 856 | 4 | 2 |
_3Publisher description _uhttp://www.loc.gov/catdir/enhancements/fy0706/72008068-d.html |
| 942 |
_2ddc _cBK |
||
| 999 |
_c6575 _d6575 |
||